Atomic Number to Periodic Table Element - Statistics

General Stats
  • This quiz has been taken 177 times
  • The average score is 14 of 20
Answer Stats
Atomic Number Element % Correct
95 Americium
100%
51 Antimony
100%
18 Argon
100%
33 Arsenic
100%
4 Beryllium
100%
83 Bismuth
100%
107 Bohrium
100%
35 Bromine
100%
55 Caesium
100%
20 Calcium
100%
6 Carbon
100%
24 Chromium
100%
112 Copernicium
100%
29 Copper
100%
96 Curium
100%
110 Darmstadtium
100%
105 Dubnium
100%
100 Fermium
100%
32 Germanium
100%
1 Hydrogen
100%
53 Iodine
100%
26 Iron
100%
36 Krypton
100%
103 Lawrencium
100%
82 Lead
100%
3 Lithium
100%
71 Lutetium
100%
12 Magnesium
100%
10 Neon
100%
113 Nihonium
100%
118 Oganesson
100%
8 Oxygen
100%
46 Palladium
100%
94 Plutonium
100%
59 Praseodymium
100%
45 Rhodium
100%
104 Rutherfordium
100%
34 Selenium
100%
14 Silicon
100%
47 Silver
100%
16 Sulfur
100%
52 Tellurium
100%
65 Terbium
100%
81 Thallium
100%
22 Titanium
100%
54 Xenon
100%
70 Ytterbium
100%
30 Zinc
100%
40 Zirconium
100%
60 Neodymium
86%
7 Nitrogen
86%
111 Roentgenium
86%
67 Holmium
83%
109 Meitnerium
83%
78 Platinum
83%
17 Chlorine
80%
63 Europium
80%
31 Gallium
80%
57 Lanthanum
80%
116 Livermorium
80%
13 Aluminium
75%
98 Californium
75%
9 Fluorine
75%
79 Gold
75%
108 Hassium
75%
2 Helium
75%
49 Indium
75%
101 Mendelevium
75%
42 Molybdenum
75%
115 Moscovium
75%
28 Nickel
75%
86 Radon
75%
75 Rhenium
75%
73 Tantalum
75%
43 Technetium
75%
74 Tungsten
75%
23 Vanadium
75%
85 Astatine
67%
56 Barium
67%
5 Boron
67%
58 Cerium
67%
66 Dysprosium
67%
72 Hafnium
67%
25 Manganese
67%
41 Niobium
67%
76 Osmium
67%
15 Phosphorus
67%
37 Rubidium
67%
21 Scandium
67%
38 Strontium
67%
50 Tin
67%
114 Flerovium
60%
87 Francium
60%
64 Gadolinium
60%
19 Potassium
60%
88 Radium
60%
44 Ruthenium
60%
62 Samarium
60%
92 Uranium
60%
39 Yttrium
60%
93 Neptunium
57%
89 Actinium
50%
68 Erbium
50%
84 Polonium
50%
91 Protactinium
50%
106 Seaborgium
50%
11 Sodium
50%
117 Tennessine
50%
90 Thorium
50%
80 Mercury
40%
48 Cadmium
33%
102 Nobelium
33%
61 Promethium
33%
97 Berkelium
0%
27 Cobalt
0%
99 Einsteinium
0%
77 Iridium
0%
69 Thulium
0%
No matching quizzes found
Score Distribution
Percent of People with Each Score
Percentile by Number Answered
Your Score History
You have not taken this quiz